<?xml version="1.0" encoding="UTF-8"?>
<record
    xmlns:xsi="http://www.w3.org/2001/XMLSchema-instance"
    xsi:schemaLocation="http://www.loc.gov/MARC21/slim http://www.loc.gov/standards/marcxml/schema/MARC21slim.xsd"
    xmlns="http://www.loc.gov/MARC21/slim">

  <leader>02347nam a2200229 a 4500</leader>
  <controlfield tag="005">20260429151821.0</controlfield>
  <controlfield tag="007">cr |||aaaaaaa|</controlfield>
  <controlfield tag="008">260429s2023    mx|ao|||o ||| 000 0 spa d</controlfield>
  <datafield tag="020" ind1=" " ind2=" ">
    <subfield code="a">9786078951307</subfield>
  </datafield>
  <datafield tag="040" ind1=" " ind2=" ">
    <subfield code="a">MX-MxUPN</subfield>
    <subfield code="b">spa</subfield>
    <subfield code="e">aacr2</subfield>
  </datafield>
  <datafield tag="041" ind1="0" ind2=" ">
    <subfield code="a">spa</subfield>
  </datafield>
  <datafield tag="245" ind1="1" ind2="0">
    <subfield code="a">Cuaderno de actividades did&#xE1;cticas :</subfield>
    <subfield code="b">adquisici&#xF3;n y fortalecimiento de la lsm desde una perspectiva biling&#xFC;e bicultural</subfield>
    <subfield code="h">[recurso electr&#xF3;nico en l&#xED;nea]</subfield>
  </datafield>
  <datafield tag="250" ind1=" " ind2=" ">
    <subfield code="a">Primera edici&#xF3;n</subfield>
  </datafield>
  <datafield tag="260" ind1=" " ind2=" ">
    <subfield code="a">Cuernavaca, Morelos, M&#xE9;xico :</subfield>
    <subfield code="b">Universidad Aut&#xF3;noma del Estado de Morelos,</subfield>
    <subfield code="c">2023.</subfield>
  </datafield>
  <datafield tag="300" ind1=" " ind2=" ">
    <subfield code="a">1 recurso en l&#xED;nea (55 p&#xE1;ginas) :</subfield>
    <subfield code="b">ilustraciones, fotograf&#xED;as, PDF</subfield>
  </datafield>
  <datafield tag="505" ind1=" " ind2=" ">
    <subfield code="t">El fortalecimiento de la Lengua de Se&#xF1;as dentro del enfoque del modelo educativo biling&#xFC;e /</subfield>
    <subfield code="r">Miroslava Cruz-Aldrete, Luz Patricia Capistr&#xE1;n P&#xE9;rez y Cristina Salazar Romero.--</subfield>
    <subfield code="t">As&#xED; soy /</subfield>
    <subfield code="r">Isabel Cristina Mar&#xED;n Flores, Karla S&#xE1;nchez Rojas, Josefina del Carmen Fuente Aguilar, Liliana Ruiz S&#xE1;nchez y Nelsa Lor&#xED;a Novelo.--</subfield>
    <subfield code="t">&#xBF;Qu&#xE9; es y c&#xF3;mo se siente? /</subfield>
    <subfield code="r">Rosa Mar&#xED;a Flores Can, Mar&#xED;a Guadalupe Campos Garc&#xED;a, Veronica Ans&#xF3;tegui Raso, Miriam Lilian G&#xF3;mez Valencia, Lissett Abril Pacheco Pacheco.--</subfield>
    <subfield code="t">Se&#xF1;as y escaleras /</subfield>
    <subfield code="r">Leydi Patricia Garrido Chan, Geny Fabiola S&#xE1;nchez Fernand&#xE9;z, Andrea Guadalupe Rosete Sierra, Abril Fernanda C&#xE1;ceres Torre y Silvia Eugenia Palomo Cort&#xE9;s.--</subfield>
    <subfield code="t">El juego del ecosistema /</subfield>
    <subfield code="r">Laura Lizet Esp&#xED;nola Maga&#xF1;a, Naomi Rosal&#xED;a Salazar Gonz&#xE1;lez, Addy Janet P&#xE9;rez Itz&#xE1;, Ethel del Pilar Polanco P&#xE9;rez, Claudia Lucia Llanes Canul y Jaqueline del Roc&#xED;o G&#xF3;ngora Chan.--</subfield>
    <subfield code="t">Instructivo: receta de cocina /</subfield>
    <subfield code="r">Fanny del Rosario Paredes Puch, Mar&#xED;a Esther Torres D&#xED;az, Mercy Virginia Paredes Puch, Gina Marlene Euan Moo y Ethel Guadalupe Garrido L&#xF3;pez.--</subfield>
    <subfield code="t">D&#xED;a de muertos /</subfield>
    <subfield code="r">Gabriela Lizeth Castillo Ord&#xF3;&#xF1;ez, Rita del Rosario P&#xE9;rez Sansores, Mar&#xED;a Jes&#xFA;s Carrillo Hoil, Karla Orqu&#xED;dea Avil&#xE9;s Angulo y Mariana del Carmen Marentes Aguilar.--</subfield>
    <subfield code="t">Alimentaci&#xF3;n saludable /</subfield>
    <subfield code="r">Lidia Gabriela Castillo Casanova, Concepci&#xF3;n Fern&#xE1;ndez Azcorra, Janet Elvira Hern&#xE1;ndez Yabur, Ligia Francisca Polanco Cocom y Maricela Rodr&#xED;guez Barrera.</subfield>
  </datafield>
  <datafield tag="506" ind1="0" ind2=" ">
    <subfield code="a">Acceso abierto</subfield>
  </datafield>
  <datafield tag="700" ind1="1" ind2=" ">
    <subfield code="a">Cruz-Aldrete, Miroslava</subfield>
    <subfield code="9">59426</subfield>
    <subfield code="e">coordinaci&#xF3;n</subfield>
  </datafield>
  <datafield tag="856" ind1="4" ind2="0">
    <subfield code="u">http://riaa.uaem.mx/handle/20.500.12055/4397</subfield>
  </datafield>
  <datafield tag="902" ind1=" " ind2=" ">
    <subfield code="a">JohanaAllegre/290426</subfield>
  </datafield>
  <datafield tag="942" ind1=" " ind2=" ">
    <subfield code="2">lcc</subfield>
    <subfield code="c">LIBRO-E</subfield>
  </datafield>
  <datafield tag="952" ind1=" " ind2=" ">
    <subfield code="0">0</subfield>
    <subfield code="1">0</subfield>
    <subfield code="2">lcc</subfield>
    <subfield code="4">0</subfield>
    <subfield code="7">0</subfield>
    <subfield code="8">CAA</subfield>
    <subfield code="a">BCUPN50</subfield>
    <subfield code="b">BCUPN50</subfield>
    <subfield code="c">ENL</subfield>
    <subfield code="d">2026-04-29</subfield>
    <subfield code="l">0</subfield>
    <subfield code="r">2026-04-29 15:18:32</subfield>
    <subfield code="u">http://riaa.uaem.mx/handle/20.500.12055/4397</subfield>
    <subfield code="w">2026-04-29</subfield>
    <subfield code="y">LIBRO-E</subfield>
  </datafield>
  <datafield tag="999" ind1=" " ind2=" ">
    <subfield code="c">215043</subfield>
    <subfield code="d">215043</subfield>
  </datafield>
</record>
